[Event "Aragon-chT Preferente Gr I"]
[Site "Aragon"]
[Date "2023.02.04"]
[Round "2.45"]
[White "Fabre Perez, Jose Maria"]
[Black "Carruez Berges, Fernando"]
[Result "1-0"]
[WhiteElo "1981"]
[BlackElo "1969"]
[PlyCount "118"]
[EventDate "2023.01.28"]
[EventType "team-tourn"]
[EventRounds "9"]
[EventCountry "ESP"]
[SourceTitle "EXT 2024"]
[Source "ChessBase"]
[SourceDate "2023.10.10"]
[SourceVersion "1"]
[SourceVersionDate "2023.10.10"]
[SourceQuality "1"]
[WhiteTeam "Delicias II"]
[BlackTeam "Agrupacion II"]
[WhiteTeamCountry "ESP"]
[BlackTeamCountry "ESP"]

1. c4 g6 2. g3 Bg7 3. Bg2 e5 4. Nc3 d6 5. e4 Nc6 6. Nge2 Nge7 7. d3 0-0 8. 0-0 f5 9. Nd5 Nxd5 10. cxd5 Ne7 11. Be3 c5 12. Qd2 Bd7 13. b4 b6 14. Rab1 Rb8 15. Bg5 Bf6 16. Bxf6 Rxf6 17. f4 exf4 18. gxf4 fxe4 19. dxe4 Bb5 20. e5 Rf8 21. bxc5 bxc5 22. Bh3 Nf5 23. Bxf5 Rxf5 24. Ng3 Bxf1 25. Rxf1 Rb4 26. Nxf5 gxf5 27. Qg2+ Kh8 28. Qh3 Qg8+ 29. Qg2 Qxg2+ 30. Kxg2 Rd4 31. e6 Kg8 32. Rb1 Kf8 33. Rb8+ Ke7 34. Rb7+ Ke8 35. Rb8+ Ke7 36. Rb7+ Ke8 37. Rxa7 Rxd5 38. Rxh7 Rd2+ 39. Kf3 Rxa2 40. h4 c4 41. Rc7 d5 42. Ke3 Ra6 43. Kd4 Rxe6 44. Kxd5 Rh6 45. Rxc4 Rxh4 46. Ke6 Kf8 47. Rc8+ Kg7 48. Kxf5 Kf7 49. Rc7+ Kf8 50. Kg5 Rh1 51. Kg6 Rg1+ 52. Kf6 Kg8 53. Rc8+ Kh7 54. f5 Ra1 55. Re8 Ra6+ 56. Kf7 Ra7+ 57. Re7 Ra1 58. Kf8+ Kh8 59. f6 Rb1 1-0

[Event "Aragon-chT Preferente Ascenso"]
[Site "Aragon"]
[Date "2022.04.02"]
[Round "10.24"]
[White "Vallverdu Miret, Oscar"]
[Black "Carruez Berges, Fernando"]
[Result "1-0"]
[WhiteElo "2099"]
[BlackElo "1988"]
[PlyCount "63"]
[EventDate "2022.04.02"]
[EventType "team-match"]
[EventRounds "10"]
[EventCountry "ESP"]
[SourceTitle "EXT 2024"]
[Source "ChessBase"]
[SourceDate "2023.10.10"]
[SourceVersion "1"]
[SourceVersionDate "2023.10.10"]
[SourceQuality "1"]
[WhiteTeam "Fraga"]
[BlackTeam "Agrupacion II"]
[WhiteTeamCountry "ESP"]
[BlackTeamCountry "ESP"]

1. d4 e6 2. Nf3 c5 3. c3 Qb6 4. e3 Nf6 5. Nbd2 cxd4 6. exd4 d5 7. Bd3 Bd7 8. Qe2 a6 9. 0-0 Bb5 10. c4 dxc4 11. Nxc4 Bxc4 12. Bxc4 Be7 13. Be3 Qd8 14. Rad1 0-0 15. Ne5 Nd5 16. Bc1 Nd7 17. f4 Nxe5 18. dxe5 g6 19. Kh1 Rc8 20. f5 Bg5 21. fxe6 fxe6 22. Rxf8+ Kxf8 23. Bxg5 Qxg5 24. Bxd5 exd5 25. Qf3+ Ke8 26. e6 Qf5 27. Qg3 Ke7 28. Re1 d4 29. Qh4+ g5 30. Qxd4 Rd8 31. Qg7+ Ke8 32. Qxb7 1-0

[Event "Aragon-chT Preferente Gr I"]
[Site "Aragon"]
[Date "2022.02.12"]
[Round "3.33"]
[White "Sanjuan Segura, Ignacio"]
[Black "Carruez Berges, Fernando"]
[Result "1-0"]
[WhiteElo "1681"]
[BlackElo "2012"]
[PlyCount "91"]
[EventDate "2022.01.29"]
[EventType "team-tourn"]
[EventRounds "9"]
[EventCountry "ESP"]
[SourceTitle "EXT 2024"]
[Source "ChessBase"]
[SourceDate "2023.10.10"]
[SourceVersion "1"]
[SourceVersionDate "2023.10.10"]
[SourceQuality "1"]
[WhiteTeam "Palacio de Pioneros IV"]
[BlackTeam "Agrupacion II"]
[WhiteTeamCountry "ESP"]
[BlackTeamCountry "ESP"]

1. c4 e5 2. Nc3 d6 3. Nf3 c6 4. e4 Nd7 5. d4 Ngf6 6. d5 c5 7. Bd3 Be7 8. 0-0 0-0 9. a3 Re8 10. Be3 b6 11. Nd2 Nf8 12. f3 Ng6 13. b4 Bd7 14. Rb1 Rb8 15. Qc2 Nh5 16. bxc5 bxc5 17. Rxb8 Qxb8 18. g3 Qd8 19. Rb1 Bg5 20. Bf2 Qf6 21. Be2 Bh3 22. Nf1 Nhf4 23. gxf4 Bxf4 24. Ng3 Nh4 25. Qd3 Bg2 26. Nd1 Qg5 27. Rb3 h5 28. Nc3 Bh3 29. Bf1 Bxf1 30. Kxf1 Ng6 31. Ke1 h4 32. Nf1 Qg2 33. Qe2 Bxh2 34. Nxh2 Qxh2 35. Be3 Qh1+ 36. Kd2 Nf4 37. Bxf4 exf4 38. Rb1 Qh3 39. Qf2 g5 40. Ne2 Qd7 41. Qg2 f6 42. Nc3 Qe7 43. Qg4 Qe5 44. Ne2 Kg7 45. Rb7+ Kg6 46. Qd7 1-0

[Event "Aragon-chT Preferente Gr I"]
[Site "Aragon"]
[Date "2022.02.05"]
[Round "2.33"]
[White "Carruez Berges, Fernando"]
[Black "Carraminana Lopez, Luis Antonio"]
[Result "1-0"]
[WhiteElo "2012"]
[BlackElo "1910"]
[PlyCount "37"]
[EventDate "2022.01.29"]
[EventType "team-tourn"]
[EventRounds "9"]
[EventCountry "ESP"]
[SourceTitle "EXT 2024"]
[Source "ChessBase"]
[SourceDate "2023.10.10"]
[SourceVersion "1"]
[SourceVersionDate "2023.10.10"]
[SourceQuality "1"]
[WhiteTeam "Agrupacion II"]
[BlackTeam "Helios II"]
[WhiteTeamCountry "ESP"]
[BlackTeamCountry "ESP"]

1. e4 e5 2. Nc3 Nf6 3. f4 d5 4. fxe5 Nxe4 5. Qf3 Nxc3 6. dxc3 Be6 7. Bf4 Nd7 8. Ne2 c5 9. g4 Qh4+ 10. Bg3 Qxg4 11. Qe3 0-0-0 12. Nf4 d4 13. cxd4 cxd4 14. Qxd4 Bc5 15. Qc3 Bd5 16. Be2 Qf5 17. Nxd5 Qe4 18. 0-0-0 Qxe2 19. b4 1-0

[Event "Aragon-chT Preferente Gr I"]
[Site "Aragon"]
[Date "2022.01.29"]
[Round "1.32"]
[White "Malo Guillen, Jose Luis"]
[Black "Carruez Berges, Fernando"]
[Result "1-0"]
[WhiteElo "2118"]
[BlackElo "2012"]
[PlyCount "83"]
[EventDate "2022.01.29"]
[EventType "team-tourn"]
[EventRounds "9"]
[EventCountry "ESP"]
[SourceTitle "EXT 2024"]
[Source "ChessBase"]
[SourceDate "2023.10.10"]
[SourceVersion "1"]
[SourceVersionDate "2023.10.10"]
[SourceQuality "1"]
[WhiteTeam "Las Fuentes"]
[BlackTeam "Agrupacion II"]
[WhiteTeamCountry "ESP"]
[BlackTeamCountry "ESP"]

1. d4 Nf6 2. c4 g6 3. Nf3 Bg7 4. g3 0-0 5. Bg2 d6 6. 0-0 Nc6 7. Nc3 e5 8. d5 Ne7 9. c5 Nd7 10. cxd6 cxd6 11. e4 h6 12. Nd2 Nb6 13. a4 Bd7 14. a5 Nbc8 15. Qb3 Rb8 16. Nc4 f5 17. Nb5 Bxb5 18. Qxb5 a6 19. Qb4 fxe4 20. Bxe4 Nf5 21. Be3 Nxe3 22. fxe3 Rxf1+ 23. Rxf1 b5 24. Bxg6 Qg5 25. Bf5 Ne7 26. Be6+ Kh7 27. Nxd6 Qxe3+ 28. Kg2 Rf8 29. Qe4+ Qxe4+ 30. Nxe4 Rd8 31. d6 Nc6 32. Rf7 Nd4 33. Bd5 Kg6 34. Ra7 Bf8 35. Rxa6 Kf5 36. Rb6 Nc2 37. Bb7 Ne3+ 38. Kf3 Nc4 39. g4+ Ke6 40. Rxb5 Nxd6 41. Nxd6 Bxd6 42. a6 1-0

[Event "Aragon-chT Preferente Gr-I"]
[Site "Aragon"]
[Date "2019.03.02"]
[Round "6.40"]
[White "De la Riva Fernandez, Eduardo"]
[Black "Carruez Berges, Fernando"]
[Result "0-1"]
[WhiteElo "1794"]
[BlackElo "1993"]
[PlyCount "96"]
[EventDate "2019.01.26"]
[EventType "team-tourn"]
[EventRounds "9"]
[EventCountry "ESP"]
[SourceTitle "EXT 2020"]
[Source "ChessBase"]
[SourceDate "2019.10.17"]
[SourceVersion "1"]
[SourceVersionDate "2019.10.17"]
[SourceQuality "1"]
[WhiteTeam "El Olivar III"]
[BlackTeam "Agrupacion II"]
[WhiteTeamCountry "ESP"]
[BlackTeamCountry "ESP"]

1. e4 e6 2. d4 d5 3. Nd2 Nc6 4. c3 e5 5. exd5 Qxd5 6. Ngf3 Bg4 7. Bc4 Qd7 8. 0-0 0-0-0 9. d5 Na5 10. Nxe5 Bxd1 11. Nxd7 Nxc4 12. Rxd1 Nxd2 13. Bxd2 Rxd7 14. c4 Nf6 15. Rac1 Ne4 16. Be3 Bc5 17. Bxc5 Nxc5 18. b4 Ne4 19. f3 Nf6 20. Rc3 Rhd8 21. Rcd3 b5 22. Rc1 bxc4 23. Rxc4 Nxd5 24. Ra3 Kb7 25. Rc5 Rd6 26. Rb3 Rc6 27. Rb5+ Rb6 28. Rc5 Nxb4 29. Rbc3 Na6 30. R5c4 Rb2 31. h4 Rxa2 32. Rb3+ Kc8 33. Rb5 c5 34. Rg4 g6 35. Rb3 Rd4 36. Rg3 Rxh4 37. Re3 Kd7 38. Rd3+ Rd4 39. Rb3 Kc6 40. Re3 f5 41. Re7 Rd7 42. Re8 c4 43. f4 Rd3 44. Rg5 c3 45. Re1 c2 46. Rg3 Rxg3 47. Kh2 Rxg2+ 48. Kh1 Re2 0-1

[Event "Aragon-chT Preferente Gr-I"]
[Site "Aragon"]
[Date "2019.02.16"]
[Round "4.43"]
[White "Carruez Berges, Fernando"]
[Black "Muro Turon, Raul"]
[Result "1/2-1/2"]
[WhiteElo "1993"]
[BlackElo "1830"]
[PlyCount "151"]
[EventDate "2019.01.26"]
[EventType "team-tourn"]
[EventRounds "9"]
[EventCountry "ESP"]
[SourceTitle "EXT 2020"]
[Source "ChessBase"]
[SourceDate "2019.10.17"]
[SourceVersion "1"]
[SourceVersionDate "2019.10.17"]
[SourceQuality "1"]
[WhiteTeam "Agrupacion II"]
[BlackTeam "Tauste"]
[WhiteTeamCountry "ESP"]
[BlackTeamCountry "ESP"]

1. e4 e5 2. Nc3 Nf6 3. f4 d5 4. fxe5 Nxe4 5. Qf3 Nc6 6. Bb5 Nxc3 7. bxc3 Be7 8. Ne2 0-0 9. Bxc6 bxc6 10. 0-0 Ba6 11. d3 c5 12. Qg4 Bc8 13. Qg3 Bh4 14. Qf3 Be7 15. Nf4 c6 16. Nh5 f6 17. Qg3 g6 18. Bh6 Rf7 19. exf6 Bxf6 20. Nxf6+ Rxf6 21. Rxf6 Qxf6 22. Rf1 Bf5 23. Qf4 Qe7 24. g4 Bd7 25. h3 Re8 26. Qf6 Qxf6 27. Rxf6 Rb8 28. Kf2 Re8 29. Kg3 Be6 30. Kf4 a5 31. a3 a4 32. Kg5 Bd7 33. Rf4 c4 34. d4 Be6 35. Rf6 Bd7 36. Rd6 Re7 37. Kf6 Rf7+ 38. Ke5 Re7+ 39. Kf6 Rf7+ 40. Kg5 Re7 41. h4 Rf7 42. h5 gxh5 43. Kxh5 Re7 44. Rf6 Rf7 45. Rd6 Re7 46. g5 Rf7 47. g6 hxg6+ 48. Kxg6 Bf5+ 49. Kh5 Bd7 50. Rg6+ Kh7 51. Rg3 Rf5+ 52. Bg5 Rf2 53. Re3 Rf7 54. Be7 Rf5+ 55. Bg5 Rf7 56. Re5 Kg7 57. Bh6+ Kf6 58. Bg5+ Kg7 59. Re2 Kh7 60. Bd2 Rf5+ 61. Kh4 Rf7 62. Be1 Kg6 63. Kg3 Kf5 64. Re5+ Kg6 65. Bd2 Rf5 66. Re7 Rf7 67. Re1 Kf5 68. Bh6 Kg6 69. Bf4 Kf5 70. Bd6 Kg6 71. Rb1 Bf5 72. Rb6 Bxc2 73. Rxc6 Kf5 74. Kf3 Rf6 75. Rb6 Re6 76. Bc5 1/2-1/2

[Event "Aragon-chT Preferente Gr I "]
[Site "Aragon"]
[Date "2018.02.24"]
[Round "5.50"]
[White "Labrador Postigo, Francisco Manuel"]
[Black "Carruez Berges, Fernando"]
[Result "0-1"]
[WhiteElo "1901"]
[BlackElo "1981"]
[PlyCount "138"]
[EventDate "2018.01.27"]
[EventType "team-tourn"]
[EventRounds "9"]
[EventCountry "ESP"]
[SourceTitle "EXT 2019"]
[Source "ChessBase"]
[SourceDate "2018.10.10"]
[SourceVersion "1"]
[SourceVersionDate "2018.10.10"]
[SourceQuality "1"]
[WhiteTeam "El Olivar III"]
[BlackTeam "Agrupacion III"]
[WhiteTeamCountry "ESP"]
[BlackTeamCountry "ESP"]

1. d4 Nf6 2. Bf4 g6 3. e3 Bg7 4. Nf3 Nh5 5. Be5 Nf6 6. h3 d6 7. Bh2 0-0 8. Nbd2 Nfd7 9. c3 e5 10. dxe5 dxe5 11. e4 Qe7 12. Bc4 Nc6 13. 0-0 Nf6 14. Re1 Nh5 15. Bf1 Nf4 16. Nc4 Rd8 17. Qc2 Qf6 18. Rad1 Be6 19. Ne3 Nxh3+ 20. Kh1 Nf4 21. b3 Rxd1 22. Qxd1 Rd8 23. Qc2 Bf8 24. b4 a6 25. a4 h5 26. b5 axb5 27. axb5 Ne7 28. c4 c6 29. Rb1 g5 30. bxc6 bxc6 31. Qc3 Bg7 32. Qa5 Neg6 33. Qc5 g4 34. Ne1 Ne7 35. Rb7 Bf8 36. Kg1 Nf5 37. Qxc6 Nd4 38. Qc7 Nfe2+ 39. Bxe2 Nxe2+ 40. Kf1 g3 41. Bg1 gxf2 42. Bxf2 Ng3+ 43. Kg1 Nxe4 44. Rb2 Rc8 45. Qb7 Nxf2 46. Rxf2 Qg5 47. N1c2 Bc5 48. Rf3 Rd8 49. Kh2 h4 50. Nd5 e4 51. Nf6+ Kg7 52. Nxe4 Qe5+ 53. g3 Rd7 54. Qc6 Be7 55. Kg2 h3+ 56. Kh2 f5 57. Nf2 Rc7 58. Qb6 Rxc4 59. Re3 Qc5 60. Qxc5 Bxc5 61. Rxe6 Rxc2 62. Kxh3 Rxf2 63. Rc6 Be7 64. Re6 Bf6 65. Rc6 Kg6 66. Ra6 Kg5 67. Rc6 Re2 68. Ra6 Re3 69. Ra4 Be5 0-1

[Event "Zaragoza Tejero Laman op 9th"]
[Site "Zaragoza"]
[Date "2017.09.17"]
[Round "9"]
[White "Carruez Berges, Fernando"]
[Black "Forcen Esteban, Daniel"]
[Result "0-1"]
[WhiteElo "1981"]
[BlackElo "2528"]
[PlyCount "90"]
[EventDate "2017.09.17"]
[EventType "swiss (rapid)"]
[EventRounds "9"]
[EventCountry "ESP"]
[SourceTitle "CBM 180 Extra"]
[Source "ChessBase"]
[SourceDate "2017.10.06"]
[SourceVersion "1"]
[SourceVersionDate "2017.10.06"]
[SourceQuality "1"]

1. b3 e5 2. Bb2 Nc6 3. c4 Nf6 4. e3 d5 5. cxd5 Nxd5 6. a3 Be6 7. d3 Be7 8. Nf3 f6 9. Nbd2 0-0 10. Be2 Qd7 11. Qc2 a5 12. d4 exd4 13. Nxd4 Nxd4 14. Bxd4 c5 15. Bb2 Rfd8 16. Rd1 Kh8 17. 0-0 b5 18. Bf3 Rac8 19. Bxd5 Bxd5 20. e4 Bf7 21. Nc4 Qe6 22. Nxa5 Rxd1 23. Rxd1 Ra8 24. Qd2 Rd8 25. Qc2 Rxd1+ 26. Qxd1 Qxe4 27. h3 Bd5 28. f3 Qe6 29. Qd2 h6 30. b4 c4 31. Bd4 Bd6 32. Qe3 Qxe3+ 33. Bxe3 Be5 34. Bc1 g5 35. Kf1 Kg7 36. Ke2 Bd4 37. Kf1 Kg6 38. Ke2 h5 39. Kf1 Kf5 40. Ke2 g4 41. hxg4+ hxg4 42. Be3 Bb2 43. Bd2 gxf3+ 44. gxf3 c3 45. Be3 c2 0-1

[Event "Aragon-chT Preferente B"]
[Site "Aragon"]
[Date "2017.03.18"]
[Round "8.68"]
[White "Carruez Berges, Fernando"]
[Black "Abad Vinas, Jesus Manuel"]
[Result "1-0"]
[WhiteElo "1991"]
[BlackElo "1760"]
[PlyCount "79"]
[EventDate "2017.01.28"]
[EventType "team-tourn"]
[EventRounds "9"]
[EventCountry "ESP"]
[SourceTitle "EXT 2018"]
[Source "ChessBase"]
[SourceDate "2017.10.13"]
[SourceVersion "1"]
[SourceVersionDate "2017.10.13"]
[SourceQuality "1"]
[WhiteTeam "Agrupacion II"]
[BlackTeam "St Casablanca IV"]
[WhiteTeamCountry "ESP"]
[BlackTeamCountry "ESP"]

1. e4 e6 2. d3 Nc6 3. Nf3 Nf6 4. e5 Nd5 5. c4 Nde7 6. Bf4 h6 7. h4 b6 8. d4 Ng6 9. Bg3 d5 10. h5 Bb4+ 11. Nc3 Nge7 12. a3 Bxc3+ 13. bxc3 dxc4 14. Bxc4 Na5 15. Bb5+ c6 16. Bd3 Qd5 17. Nd2 Nf5 18. Qg4 Kf8 19. 0-0 Qd8 20. Bf4 c5 21. Be3 c4 22. Be4 Rb8 23. Qf3 Bb7 24. g4 Bxe4 25. Nxe4 Ne7 26. Nd6 f5 27. gxf5 Nxf5 28. Nxf5 exf5 29. Qxf5+ Kg8 30. e6 Qe7 31. d5 Rf8 32. Qe4 Nb7 33. Bf4 Qh4 34. e7 Qg4+ 35. Qg2 Qxf4 36. exf8Q+ Qxf8 37. Rfe1 Nd6 38. Re6 Nf5 39. Qg4 Nd6 40. Qg6 1-0

[Event "Aragon-chT Preferente B"]
[Site "Aragon"]
[Date "2017.02.04"]
[Round "2.56"]
[White "Carruez Berges, Fernando"]
[Black "Sanchez Perez, Carlos"]
[Result "1-0"]
[WhiteElo "1991"]
[BlackElo "1552"]
[PlyCount "33"]
[EventDate "2017.01.28"]
[EventType "team-tourn"]
[EventRounds "9"]
[EventCountry "ESP"]
[SourceTitle "EXT 2018"]
[Source "ChessBase"]
[SourceDate "2017.10.13"]
[SourceVersion "1"]
[SourceVersionDate "2017.10.13"]
[SourceQuality "1"]
[WhiteTeam "Agrupacion II"]
[BlackTeam "Delicias II"]
[WhiteTeamCountry "ESP"]
[BlackTeamCountry "ESP"]

1. e4 d5 2. Nc3 d4 3. Nce2 e5 4. Ng3 Be6 5. Nf3 Nd7 6. c3 c5 7. Bb5 Bd6 8. Nh5 Kf8 9. d3 f6 10. Ba4 Qe8 11. Ng3 Ne7 12. h4 Bg4 13. h5 Rb8 14. Bb3 b5 15. Rh4 Bxf3 16. Qxf3 Nb6 17. Qxf6+ 1-0

[Event "Aragon-chT Honor GrB"]
[Site "Aragon"]
[Date "2016.02.06"]
[Round "2.28"]
[White "Carruez Berges, Fernando"]
[Black "Bayod Rubia, Angel"]
[Result "1-0"]
[WhiteElo "2023"]
[BlackElo "2009"]
[PlyCount "71"]
[EventDate "2016.01.30"]
[EventType "team-tourn"]
[EventRounds "7"]
[EventCountry "ESP"]
[SourceTitle "EXT 2018"]
[Source "ChessBase"]
[SourceDate "2017.10.13"]
[SourceVersion "1"]
[SourceVersionDate "2017.10.13"]
[SourceQuality "1"]
[WhiteTeam "Agrupacion"]
[BlackTeam "El Olivar II"]
[WhiteTeamCountry "ESP"]
[BlackTeamCountry "ESP"]

1. c4 Nf6 2. Nc3 e5 3. g3 c6 4. d4 exd4 5. Qxd4 Be7 6. Bg2 0-0 7. e4 Na6 8. Nge2 Nc7 9. 0-0 Ne6 10. Qd2 d6 11. b3 Qc7 12. Bb2 Ne8 13. f4 Nf6 14. Kh1 b6 15. f5 Nc5 16. h3 h6 17. Nf4 Bb7 18. g4 Ncd7 19. Nce2 Ne5 20. Ng3 Rad8 21. Qe2 Rfe8 22. Ngh5 Kh7 23. Nxf6+ Bxf6 24. Nh5 Qe7 25. Rad1 Nd7 26. Ba3 c5 27. Bb2 Bxb2 28. Qxb2 Ne5 29. f6 Qd7 30. fxg7 Re6 31. Rf6 Qe7 32. Rdf1 Rxf6 33. Rxf6 Ng6 34. Qf2 Bxe4 35. Rxf7 Bxg2+ 36. Kg1 1-0

[Event "Aragon-chT Preferente B"]
[Site "Aragon"]
[Date "2015.03.14"]
[Round "8.57"]
[White "Carruez Berges, Fernando"]
[Black "Hinojar Basa, Alfonso"]
[Result "1-0"]
[WhiteElo "2095"]
[BlackElo "2204"]
[PlyCount "121"]
[EventDate "2015.01.24"]
[EventType "team-tourn"]
[EventRounds "9"]
[EventCountry "ESP"]
[SourceTitle "EXT 2017"]
[Source "ChessBase"]
[SourceDate "2016.10.25"]
[SourceVersion "1"]
[SourceVersionDate "2016.10.25"]
[SourceQuality "1"]
[WhiteTeam "Agrupacion II"]
[BlackTeam "Marcos Frechin"]
[WhiteTeamCountry "ESP"]
[BlackTeamCountry "ESP"]

1. Nf3 Nf6 2. g3 d5 3. Bg2 e6 4. 0-0 Be7 5. d4 0-0 6. c4 dxc4 7. Qa4 a6 8. Qxc4 b5 9. Qc2 Bb7 10. Bf4 Nd5 11. Bd2 Nc6 12. a3 a5 13. Rd1 Ra6 14. Nc3 b4 15. Na4 Qa8 16. Nc5 Bxc5 17. Qxc5 b3 18. Qc4 a4 19. Qd3 Rd8 20. e4 Nde7 21. Bc3 Nxd4 22. Nxd4 c5 23. Qe3 cxd4 24. Rxd4 Rad6 25. Rad1 Rxd4 26. Rxd4 Nc6 27. Rxd8+ Qxd8 28. h4 e5 29. Qc5 g5 30. Bxe5 gxh4 31. Bc3 hxg3 32. fxg3 h6 33. Qb5 Qd7 34. Qh5 Qd6 35. Qg4+ Kf8 36. Kh2 Ke8 37. e5 Qg6 38. Qxa4 Qh5+ 39. Kg1 Qd1+ 40. Bf1 Qf3 41. Qf4 Ne7 42. Qxf3 Bxf3 43. Kf2 Bd5 44. Ke3 Kd7 45. Bd3 Ke6 46. g4 Nc6 47. Bf5+ Ke7 48. a4 Bc4 49. a5 Kd8 50. Bd3 Be6 51. Be2 Kc7 52. Bf3 Bc4 53. Be2 Be6 54. a6 Bd5 55. Bf3 Bc4 56. Be2 Bd5 57. Bd4 Kb8 58. Bc5 Ka8 59. Kf4 Be6 60. Bf3 Bd7 61. Bd5 1-0

[Event "Aragon-chT Preferente B"]
[Site "Aragon"]
[Date "2015.02.28"]
[Round "6.61"]
[White "Carruez Berges, Fernando"]
[Black "Galve Guinea, Alejandro"]
[Result "0-1"]
[WhiteElo "2095"]
[BlackElo "2041"]
[PlyCount "48"]
[EventDate "2015.01.24"]
[EventType "team-tourn"]
[EventRounds "9"]
[EventCountry "ESP"]
[SourceTitle "EXT 2017"]
[Source "ChessBase"]
[SourceDate "2016.10.25"]
[SourceVersion "1"]
[SourceVersionDate "2016.10.25"]
[SourceQuality "1"]
[WhiteTeam "Agrupacion II"]
[BlackTeam "El Olivar III"]
[WhiteTeamCountry "ESP"]
[BlackTeamCountry "ESP"]

1. g3 Nf6 2. Bg2 g6 3. e4 d6 4. c4 Bg7 5. Nc3 0-0 6. Nge2 e5 7. 0-0 c6 8. d3 a5 9. h3 Nbd7 10. f4 exf4 11. gxf4 Qb6+ 12. Kh1 Re8 13. f5 Nf8 14. fxg6 fxg6 15. Bg5 Nh5 16. Qd2 Ne6 17. Bh6 Be5 18. Bf3 Neg7 19. Rg1 Qf2 20. Bg2 Bxh3 21. Be3 Qh4 22. Bg5 Bxg2+ 23. Kxg2 Qh2+ 24. Kf1 Rf8+ 0-1

[Event "ESP Autonomico-chT"]
[Site "Spain"]
[Date "2006.03.04"]
[Round "5.50"]
[White "Salamero Pelay, Fernando"]
[Black "Carruez Berges, Fernando"]
[Result "1-0"]
[WhiteElo "2172"]
[BlackElo "2197"]
[PlyCount "91"]
[EventDate "2006.02.04"]
[EventType "team"]
[EventRounds "9"]
[EventCountry "ESP"]
[SourceTitle "EXT 2007"]
[Source "ChessBase"]
[SourceDate "2006.11.23"]
[SourceVersion "1"]
[SourceVersionDate "2006.11.23"]
[SourceQuality "1"]

1. d4 g6 2. e4 c6 3. Nc3 d5 4. e5 h5 5. Bg5 Qb6 6. Rb1 Bf5 7. h4 e6 8. Nge2 c5 9. Ng3 cxd4 10. Nxf5 gxf5 11. Nb5 Nc6 12. c3 Nxe5 13. Qxd4 Qxd4 14. cxd4 Nc6 15. Nc7+ Kd7 16. Nxa8 Bb4+ 17. Kd1 Nxd4 18. Rc1 Bd6 19. Be3 Nc6 20. Bb5 Nge7 21. Nb6+ axb6 22. Bxb6 f4 23. Ke2 Rg8 24. Kf1 e5 25. Rh3 e4 26. Be2 Rh8 27. Rb3 Nf5 28. Bc5 Bxc5 29. Rxc5 Kd6 30. Rbb5 Nce7 31. b4 Nxh4 32. Rb6+ Ke5 33. Rxb7 Nhf5 34. a4 f3 35. gxf3 h4 36. fxe4 Kxe4 37. Kg2 Rg8+ 38. Kh2 d4 39. Rd7 Ng6 40. a5 Nf4 41. Bf3+ Kxf3 42. Rxf5 Rg2+ 43. Kh1 Rxf2 44. Rxd4 Rf1+ 45. Kh2 Rf2+ 46. Kg1 1-0

[Event "Autonomico-chT"]
[Site "Aragon"]
[Date "2005.04.02"]
[Round "9.10"]
[White "Carruez Berges, Fernando"]
[Black "Garza Marco, Sergio"]
[Result "0-1"]
[WhiteElo "2205"]
[BlackElo "2378"]
[PlyCount "76"]
[EventDate "2005.01.22"]
[EventType "team"]
[EventRounds "12"]
[EventCountry "ESP"]
[SourceTitle "EXT 2006"]
[Source "ChessBase"]
[SourceDate "2005.11.24"]
[SourceVersion "1"]
[SourceVersionDate "2005.11.24"]
[SourceQuality "1"]

1. Nf3 d6 2. g3 e5 3. e4 c5 4. Bg2 Nc6 5. d3 g6 6. Bg5 Be7 7. Qd2 Bxg5 8. Qxg5 Be6 9. Qxd8+ Rxd8 10. Nc3 Nge7 11. 0-0 f6 12. a3 g5 13. h4 h6 14. Rfe1 Nd4 15. Rac1 Kd7 16. hxg5 fxg5 17. Nd5 Rdf8 18. Nxd4 cxd4 19. Nxe7 Kxe7 20. c3 dxc3 21. bxc3 Rc8 22. c4 Rc5 23. Rb1 b6 24. Rb2 Ra5 25. Ra1 h5 26. Kh2 h4 27. gxh4 Rxh4+ 28. Kg3 Rc5 29. Rb5 Rc8 30. Rh1 Rg4+ 31. Kh2 Rh4+ 32. Kg3 Rch8 33. Rxh4 gxh4+ 34. Kh2 Rf8 35. Rb2 Kd7 36. Rd2 Kc6 37. Bh3 Bxh3 38. Kxh3 Rf4 0-1

[Event "Autonomico-chT"]
[Site "Aragon"]
[Date "2005.02.26"]
[Round "5.26"]
[White "Gaston Cabello, Jorge Luis"]
[Black "Carruez Berges, Fernando"]
[Result "0-1"]
[WhiteElo "1959"]
[BlackElo "2205"]
[PlyCount "62"]
[EventDate "2005.01.22"]
[EventType "team"]
[EventRounds "12"]
[EventCountry "ESP"]
[SourceTitle "EXT 2006"]
[Source "ChessBase"]
[SourceDate "2005.11.24"]
[SourceVersion "1"]
[SourceVersionDate "2005.11.24"]
[SourceQuality "1"]

1. Nf3 d6 2. d4 Nf6 3. g3 Bg4 4. Bg2 Nc6 5. 0-0 Qd7 6. c4 Bh3 7. Qb3 0-0-0 8. Bxh3 Qxh3 9. Ng5 Qh5 10. Be3 Nxd4 11. Bxd4 Qxg5 12. Bxa7 b6 13. Bxb6 cxb6 14. Qxb6 Qc5 15. Qa6+ Kd7 16. b4 Qc6 17. Qa7+ Ke8 18. b5 Ra8 19. Qd4 Qc5 20. Qxc5 dxc5 21. a4 e6 22. Nc3 Bd6 23. f4 Ke7 24. b6 Ra6 25. e4 e5 26. a5 Rha8 27. b7 Rb8 28. Rfb1 Kd7 29. Rb5 exf4 30. gxf4 Bxf4 31. Rxc5 Be3+ 0-1

[Event "Aragon-chT"]
[Site "Spain"]
[Date "2004.??.??"]
[Round "?"]
[White "Fuertes Garay, Javier"]
[Black "Carruez Berges, Fernando"]
[Result "0-1"]
[WhiteElo "2077"]
[BlackElo "2204"]
[PlyCount "56"]
[EventDate "2004.01.??"]
[EventType "team"]
[EventRounds "11"]
[EventCountry "ESP"]
[SourceTitle "EXT 2006"]
[Source "ChessBase"]
[SourceDate "2005.11.24"]
[SourceVersion "1"]
[SourceVersionDate "2005.11.24"]
[SourceQuality "1"]

1. e4 c5 2. d4 e6 3. d5 exd5 4. exd5 d6 5. Nc3 Nf6 6. Nf3 Be7 7. h3 0-0 8. Bd3 Na6 9. 0-0 Nb4 10. Bf4 Nxd3 11. Qxd3 a6 12. a4 b6 13. Nd2 g6 14. Nc4 Bf5 15. Qd2 Rb8 16. Rfe1 b5 17. axb5 axb5 18. Ra7 bxc4 19. Rexe7 Rxb2 20. Bh6 Rxc2 21. Qg5 Nh5 22. Rxf7 Re8 23. Qxh5 gxh5 24. Rg7+ Kh8 25. Bg5 Rxc3 26. Bxd8 Rxd8 27. Rgf7 Rc1+ 28. Kh2 Bg6 0-1

[Event "ESP-chT"]
[Site "Barcelona"]
[Date "2000.08.07"]
[Round "3"]
[White "Carruez Berges, Fernando"]
[Black "Estremera Panos, Sergio"]
[Result "0-1"]
[WhiteElo "2144"]
[BlackElo "2364"]
[PlyCount "44"]
[EventDate "2000.08.05"]
[EventType "team"]
[EventRounds "9"]
[EventCountry "ESP"]
[SourceTitle "CBM 077 Extra"]
[Source "ChessBase"]
[SourceDate "2000.09.14"]
[SourceVersion "1"]
[SourceVersionDate "2000.09.14"]
[SourceQuality "1"]

1. Nf3 Nf6 2. g3 d5 3. Bg2 e6 4. 0-0 Be7 5. d3 c5 6. Nbd2 Nc6 7. e4 Qc7 8. c3 b6 9. Re1 Ba6 10. Qc2 0-0 11. Nf1 dxe4 12. dxe4 Rad8 13. Qa4 Bd3 14. N1d2 b5 15. Qa3 c4 16. Qa6 Rb8 17. b4 Bxb4 18. cxb4 Nxb4 19. Qa3 Nc2 20. Qa6 Nxa1 21. Bb2 Nc2 22. Be5 Qb6 0-1